000 00810nam a2200253Ia 4500
003 OSt
005 20220918171245.0
006 a|||||r|||| 00| 0
007 ta
008 220917b |||||||| |||| 00| 0 eng d
020 _a9781443845106 (hbk)
_cUKP 58.99
024 _a320,622
037 _b109853, 06/03/2017, International Book Distributors
_cTextual
040 _aARTS
_cARTS
_beng
041 _2eng
_aeng
082 _aR5.2, Q7
100 _aGupta Neerja A. Au.
_935144
245 0 _aStudent's handbook of Indian aesthetics
260 _aCambridge
_bCambridge Scholars Publishing UK
_c2017
300 _aviii,135p.
_ccm.
650 _aAESTHETICS
942 _hR5.2, Q7
_cTEXL
_2CC
999 _c138608
_d138608